000 00575nam a22002057a 4500
005 20250421095021.0
008 250404b |||||||| |||| 00| 0 eng d
020 _a978-81-316-1401-3
_cRs.999.00
040 _aLoreto College
041 _aEnglish
082 _a305.5
_bSHA
100 _aSharma,K.L.
245 _aSocial Stratification
_cSharma,K.L.
260 _aJaipur
_bRawat Publications
_c©2024
300 _a391p.
_b21cm.
650 _aSociology-Social structure
650 _aSocial class
850 _aLCLIB
_bPCCHANDRA
942 _cBK
999 _c44011
_d94490